Largest Cities by Their Starting Letter - Sudden Death - Statistics

General Stats
  • This quiz has been taken 4,808 times
    4,680 since last reset
  • The average score is 4 of 26
Answers on the Grid
Answers color-coded by a green-red scale on the quiz's grid according to % correct below.
Alexandria
Abidjan
Ahmedabad
Beijing
Buenos Aires
Bangalore
Cape Town
Chengdu
Cairo
Dhaka
Delhi
Dallas
Edmonton
Essen
El Paso
Fuzhou
Frankfurt
Foshan
Guadalajara
Guangzhou
Guayaquil
Ho Chi Minh City
Hong Kong
Havana
Indore
Izmir
Istanbul
Jakarta
Jeddah
Johannesburg
Karachi
Kinshasa
Kolkata
London
Lagos
Los Angeles
Mexico City
Manila
Moscow
Nagoya
Nairobi
New York City
Osaka
Orlando
Ouagadougou
Philadelphia
Pyongyang
Paris
Quezon City
Qingdao
Quito
Riyadh
Rio de Janeiro
Rome
Seoul
São Paulo
Shanghai
Tehran
Tokyo
Toronto
Ürümqi
Ulaanbaatar
Ufa
Valencia
Vienna
Vancouver
Warsaw
Wuhan
Washington D.C.
Xian
Xiamen
Xuzhou
Yaoundé
Yangon
Yerevan
Zurich
Zibo
Zhengzhou
 
Answer Stats
Answer % Correct
Beijing
76%
Cairo
50%
Delhi
50%
Ahmedabad
47%
Guangzhou
21%
Istanbul
17%
Jakarta
17%
Edmonton
13%
Tokyo
12%
Ho Chi Minh City
10%
New York City
9%
Zhengzhou
9%
Lagos
8%
Rio de Janeiro
8%
Wuhan
8%
Osaka
7%
Paris
7%
Karachi
6%
Shanghai
6%
Yangon
4%
Manila
3%
Ürümqi
3%
Vancouver
3%
Foshan
2%
Qingdao
2%
Xian
2%
No matching quizzes found
Score Distribution
Percent of People with Each Score
Percentile by Number Answered
Your Score History
You have not taken this quiz since the last reset